Diseño e implementación de un modelo de base de datos para integrar la base de datos de Sisbén con las bases de datos de las secretarías del Municipio de Medellín que desarrollan programas sociales (Registro nro. 487553)

Detalles MARC
000 -CABECERA
campo de control de longitud fija 02664nam a2200313uu 4500
001 - NÚMERO DE CONTROL
campo de control 1124752
005 - FECHA Y HORA DE LA ÚLTIMA TRANSACCIÓN
campo de control 20260507085620.0
007 - CAMPO FIJO DE DESCRIPCIÓN FÍSICA--INFORMACIÓN GENERAL
campo de control de longitud fija cr|||||||
008 - DATOS DE LONGITUD FIJA--INFORMACIÓN GENERAL
campo de control de longitud fija 090216e20090216 spa
035 ## - NÚMERO DE CONTROL DEL SISTEMA
Número de control de sistema 1124752
040 ## - FUENTE DE LA CATALOGACIÓN
Centro/agencia transcriptor comduadb
041 ## - CÓDIGO DE LENGUA
Código de lengua del texto/banda sonora o título independiente spa
080 ## - NÚMERO DE LA CLASIFICACIÓN DECIMAL UNIVERSAL
Número de la Clasificación Decimal Universal PSI
100 10 - ENTRADA PRINCIPAL--NOMBRE DE PERSONA
Nombre de persona Marín Gutiérrez, Deiber Esteban
Código de función aut
Término indicativo de función/relación Autor/a
9 (RLIN) 568520
245 10 - TÍTULO PROPIAMENTE DICHO
Título propiamente dicho Diseño e implementación de un modelo de base de datos para integrar la base de datos de Sisbén con las bases de datos de las secretarías del Municipio de Medellín que desarrollan programas sociales
260 ## - PUBLICACIÓN, DISTRIBUCIÓN, ETC.
Lugar de publicación, distribución, etc. Medellín :
Nombre del editor, distribuidor, etc. [sin publicador],
Fecha de publicación, distribución, etc. 2009.
300 ## - DESCRIPCIÓN FÍSICA
Extensión 13 páginas
520 3# - SUMARIO, ETC.
Nota de Sumario, etc. La subdirección Metroinformación de la Alcaldía de Medellín es el administrador de la información que soporta los procesos de gestión, planeación e investigación del Municipio. Una de sus funciones es proponer los instrumentos de clasificación socioeconómica, con el fin de garantizar la oportuna información para el diseño de las políticas sociales y el cumplimiento de la misión institucional. Para ello, debe considerar nuevos procesos y sistemas que le permitan agilizar la atención en la demanda de información cuando esta es requerida. Una de las unidades de la Subdirección es la Unidad de Clasificación Socioeconómica y Estratificación, encargada directamente de realizar el proceso de clasificación socioeconómica por medio del Sistema de Identificación y Clasificación de Potenciales Beneficiarios SISBÉN, para posteriormente, poner a disposición de la administración municipal la base de datos generada en dicho proceso, que luego será útil en la realización de los cruces de información con las bases de datos de las demás Secretarias de municipio y a partir de esto, establecer criterios de priorización que les permita seleccionar los potenciales beneficiarios de los programas sociales otorgados por el municipio. En este proyecto se presenta un modelo de base de datos para un sistema que permite integrar las bases de datos del SISBÉN y las de aquellas Secretarías que ofrecen programas sociales, con miras a tener en forma centralizada y consistente toda la información relacionada a las personas registradas en el SISBÉN y en los programas sociales del municipio.
502 ## - NOTA DE TESIS
Tipo de título Tesis (Ingeniero/a de Sistemas).
Nombre de la institución que otorga el título Universidad de Antioquia. Facultad de Ingeniería,
526 ## - NOTA DE INFORMACIÓN SOBRE EL PROGRAMA DE ESTUDIO
Nombre del programa Universidad de Antioquia. Facultad de Ingeniería. Ingeniería de Sistemas.
650 ## - PUNTO DE ACCESO ADICIONAL DE MATERIA--TÉRMINO DE MATERIA
Término de materia o nombre geográfico como elemento de entrada Bases de datos
9 (RLIN) 6934
650 ## - PUNTO DE ACCESO ADICIONAL DE MATERIA--TÉRMINO DE MATERIA
Término de materia o nombre geográfico como elemento de entrada Sisbén
9 (RLIN) 118259
650 ## - PUNTO DE ACCESO ADICIONAL DE MATERIA--TÉRMINO DE MATERIA
Término de materia o nombre geográfico como elemento de entrada Clasificaciones económicas
9 (RLIN) 25800
650 ## - PUNTO DE ACCESO ADICIONAL DE MATERIA--TÉRMINO DE MATERIA
Término de materia o nombre geográfico como elemento de entrada Sistemas operacionales (computadores)
9 (RLIN) 53408
650 ## - PUNTO DE ACCESO ADICIONAL DE MATERIA--TÉRMINO DE MATERIA
Término de materia o nombre geográfico como elemento de entrada Modelo relacional
9 (RLIN) 165148
650 ## - PUNTO DE ACCESO ADICIONAL DE MATERIA--TÉRMINO DE MATERIA
Término de materia o nombre geográfico como elemento de entrada Data Warehouse
9 (RLIN) 36694
700 10 - ENTRADA AGREGADA--NOMBRE PERSONAL
Nombre de persona Merino Pérez, Paula Andrea
Código de función ths
Término indicativo de función/relación Asesor/a de tesis
9 (RLIN) 467679
942 ## - ELEMENTOS DE ENTRADA AGREGADA (KOHA)
Tipo de ítem Koha Tesis
Existencias
Estado de retiro Estado de pérdida Estado dañado No para préstamo Código de colección Localización permanente Ubicación/localización actual Fecha de adquisición Número de inventario Total de préstamos Signatura topográfica completa Fecha visto por última vez Número de copia Precio válido a partir de Tipo de ítem Koha
        Colección de Tesis Electrónicas Centro Documentación Ingeniería (Bl. 20-146) Centro Documentación Ingeniería (Bl. 20-146) 16/02/2009 C1033438   PSI 04892 28/04/2023 1 28/04/2023 Internet